Barack Obama : Hay giấc mơ mới của người Mỹ

Tìm hiểu về gia đình, thời thơ ấu và quá trình phấn đấu cho sự nghiệp từ thời sinh viên cũng như những đánh giá về con người, quan điểm, năng lực chính trị của Obama trong những ngày tranh cử và đắc cử...

Fuld beskrivelse

Đã lưu trong:
Bibliografiske detaljer
Hovedforfatter: Serina, Guillaume
Format: Bog
Sprog:Undetermined
Udgivet: Hà Nội Hội Nhà văn 2009
Fag:
Tags: Tilføj Tag
Ingen Tags, Vær først til at tagge denne postø!
Thư viện lưu trữ: Trung tâm Học liệu Trường Đại học Cần Thơ
LEADER 01083nam a2200253Ia 4500
001 CTU_147599
008 210402s9999 xx 000 0 und d
020 |c 55000 
082 |a 973.931092 
082 |b S485 
100 |a Serina, Guillaume 
245 0 |a Barack Obama : 
245 0 |b Hay giấc mơ mới của người Mỹ 
245 0 |c Guillaume Serina; Hiệu Constant dịch 
260 |a Hà Nội 
260 |b Hội Nhà văn 
260 |c 2009 
520 |a Tìm hiểu về gia đình, thời thơ ấu và quá trình phấn đấu cho sự nghiệp từ thời sinh viên cũng như những đánh giá về con người, quan điểm, năng lực chính trị của Obama trong những ngày tranh cử và đắc cử 
650 |a Presidential candidates,Presidents,Barack Obama,Tổng thống 
650 |x Election,Bầu cử 
650 |y 2008,2008 
650 |z United States,United States 
904 |i Nguyên 
980 |a Trung tâm Học liệu Trường Đại học Cần Thơ